[Event "Interclubs Adultes"]
[Site "?"]
[Date "2004.03.14"]
[Round "6.5"]
[White "Garnier, Jacques"]
[Black "Vier, Serge"]
[Result "1/2-1/2"]
[WhiteElo "1790"]
[BlackElo "1730"]
[PlyCount "46"]
[EventDate "2004.??.??"]

1. c4 e5 2. g3 Nf6 3. Bg2 Nc6 4. Nc3 Bb4 5. a3 Bxc3 6. dxc3 d6 7. Nf3 O-O 8.
O-O Be6 9. b3 h6 10. h3 Qd7 11. Kh2 Rad8 12. Re1 Nh7 13. e4 f5 14. exf5 Bxf5
15. Be3 Nf6 16. Qe2 b6 17. Ra2 Ne4 18. Qb2 Nc5 19. Rd1 Be4 20. Nd2 Bxg2 21.
Kxg2 Ne6 22. Qc2 Qf7 23. Qe4 Ne7 1/2-1/2

[Event "Interclubs Adultes"]
[Site "?"]
[Date "2004.03.14"]
[Round "6.6"]
[White "Gregoire, Patrick"]
[Black "Creston, Gregory"]
[Result "0-1"]
[WhiteElo "1499"]
[BlackElo "1520"]
[PlyCount "84"]
[EventDate "2004.??.??"]

1. e4 d6 2. Nf3 Nf6 3. Nc3 g6 4. d4 Bg7 5. Bg5 O-O 6. Bxf6 exf6 7. Bc4 Bg4 8.
O-O Nc6 9. Be2 f5 10. h3 Bxf3 11. Bxf3 Nxd4 12. exf5 Nxf5 13. Bxb7 Rb8 14. Qd5
Re8 15. Rfe1 Nd4 16. Rxe8+ Qxe8 17. Bc6 Nxc6 18. Nb5 Nb4 19. Nxc7 Nxd5 20. Nxe8
Rxe8 21. c3 Rb8 22. Rd1 Nf4 23. Rd2 Be5 24. Rc2 Kf8 25. b3 Rc8 26. c4 d5 27. c5
Nd3 28. c6 Nb4 29. Rc5 Rxc6 30. Rxc6 Nxc6 31. g4 Ke7 32. Kf1 d4 33. Ke2 Nb4 34.
a3 d3+ 35. Kd1 Nd5 36. Kd2 Nf4 37. a4 Kd6 38. h4 Kd5 39. f3 Kc5 40. Ke3 f5 41.
h5 Kb4 42. gxf5 gxf5 0-1

[Event "Interclubs Adultes"]
[Site "?"]
[Date "2004.03.14"]
[Round "6.7"]
[White "Parard, Sylvain"]
[Black "Vinot, Raoul"]
[Result "0-1"]
[WhiteElo "1499"]
[BlackElo "1580"]
[PlyCount "96"]
[EventDate "2004.??.??"]

1. d4 d5 2. c4 Nf6 3. Nf3 e6 4. Nc3 Be7 5. cxd5 exd5 6. Bg5 O-O 7. e3 Re8 8.
Be2 Nbd7 9. O-O c6 10. a3 Ne4 11. Bxe7 Rxe7 12. Re1 Ndf6 13. Ne5 Nxc3 14. bxc3
Ne4 15. c4 Re6 16. Nf3 Rg6 17. g3 Bg4 18. Ne5 Bxe2 19. Qxe2 Rh6 20. f3 Nd6 21.
c5 Nf5 22. f4 f6 23. Ng4 Rg6 24. Kg2 Qd7 25. Nf2 Re8 26. Qd3 Nh4+ 27. Kh1 Nf3
28. Re2 Rh6 29. h4 g5 30. Kg2 g4 31. Rf1 Kh8 32. f5 Rg8 33. Nxg4 Nxh4+ 34. gxh4
Rxg4+ 35. Kf2 Rhxh4 36. Ke1 Qg7 37. Kd2 Rg2 38. Rff2 Rhh2 39. Rxg2 Rxg2 40. a4
Qg5 41. Rxg2 Qxg2+ 42. Qe2 Qxe2+ 43. Kxe2 Kg7 44. Kf3 h5 45. e4 dxe4+ 46. Kxe4
Kh6 47. Kf4 a5 48. Kf3 Kg5 0-1

[Event "Interclubs Adultes"]
[Site "?"]
[Date "2004.03.14"]
[Round "6.8"]
[White "Farge, Damien"]
[Black "Jacquemond, Michel"]
[Result "1-0"]
[WhiteElo "1600"]
[BlackElo "1330"]
[PlyCount "57"]
[EventDate "2004.??.??"]

1. e4 e5 2. Nf3 Nc6 3. d4 exd4 4. Nxd4 Bc5 5. Nxc6 Bxf2+ 6. Kxf2 Qf6+ 7. Qf3
Qxc6 8. Nc3 Nf6 9. e5 Qc5+ 10. Ke2 Qxe5+ 11. Qe3 Qxe3+ 12. Bxe3 O-O 13. Nb5 c6
14. Nc7 Rb8 15. Bc5 d6 16. Bxd6 Bg4+ 17. Ke3 Rfd8 18. Bf4 h6 19. h3 Bf5 20. Bd3
Bxd3 21. cxd3 Nd5+ 22. Nxd5 Re8+ 23. Kd2 cxd5 24. Bxb8 Rxb8 25. Rac1 a5 26.
Rhe1 f6 27. Rc7 b6 28. Ree7 Kh7 29. Rxg7+ 1-0

[Event "Interclubs Adultes"]
[Site "?"]
[Date "2004.04.04"]
[Round "7.1"]
[White "Bellon, Yves"]
[Black "Bondierlange, Raymond"]
[Result "0-1"]
[WhiteElo "1880"]
[BlackElo "1740"]
[PlyCount "120"]
[EventDate "2004.??.??"]

1. c4 c6 2. g3 Nf6 3. Bg2 d5 4. b3 d4 5. d3 c5 6. Nf3 Nc6 7. O-O Bg4 8. h3 Bxf3
9. Bxf3 Qd7 10. Bg2 e5 11. Na3 Be7 12. Nc2 a5 13. Kh2 O-O 14. a3 Rab8 15. f4 b5
16. fxe5 Nxe5 17. Bf4 Bd6 18. Qd2 Qc7 19. e3 bxc4 20. bxc4 Rb3 21. exd4 cxd4
22. Ne1 Rfb8 23. Bxe5 Bxe5 24. Rf3 h6 25. Ra2 Nh5 26. Qf2 R8b6 27. a4 Rg6 28.
Kg1 Bxg3 29. Qe2 Rc3 30. Qd2 Nf4 31. Kf1 Qe5 32. Nc2 Bh2 33. Ne1 Nxg2 34. Nxg2
Rf6 35. Ne1 Rxf3+ 36. Nxf3 Qf6 37. Qd1 Qf4 38. Ra1 Bg3 39. Qe2 Bh4 40. Rd1 Bf6
41. Kg2 Qf5 42. Ne1 Qd7 43. Ra1 Qb7+ 44. Kg3 Rb3 45. Ra2 Qc7+ 46. Kg2 Qd7 47.
Kg3 Rb6 48. Ng2 Re6 49. Qf3 Bg5 50. Kh2 Qd6+ 51. Kh1 Rf6 52. Qa8+ Kh7 53. Qe4+
g6 54. Ra1 Qg3 55. h4 Qh3+ 56. Kg1 Be3+ 57. Nxe3 dxe3 58. h5 Qxh5 59. Qxe3 Qg4+
60. Kh1 Rf3 0-1

[Event "Interclubs Adultes"]
[Site "?"]
[Date "2004.04.04"]
[Round "7.2"]
[White "Martin, Jean-Yves"]
[Black "Mujic, Saban"]
[Result "1/2-1/2"]
[WhiteElo "1740"]
[BlackElo "1940"]
[PlyCount "120"]
[EventDate "2004.??.??"]

1. d4 Nf6 2. c4 e6 3. Nc3 Bb4 4. Nf3 d5 5. Bg5 Bxc3+ 6. bxc3 h6 7. Bxf6 Qxf6 8.
e3 O-O 9. Bd3 c5 10. O-O Nd7 11. Qb3 dxc4 12. Qxc4 b6 13. Be4 Rb8 14. Qa4 a6
15. Bc6 b5 16. Qa5 Qd8 17. Qxd8 Rxd8 18. Bxd7 Rxd7 19. dxc5 Rc7 20. a4 Rxc5 21.
axb5 Rbxb5 22. Rfc1 Rb3 23. c4 Rb4 24. Nd2 Bb7 25. Rab1 Rxb1 26. Rxb1 Rc7 27.
Rc1 Bc6 28. c5 Kf8 29. Nb3 Bb5 30. f4 Ke7 31. Kf2 f6 32. g3 g6 33. h4 h5 34.
Rc3 e5 35. e4 Ke6 36. Ke3 Ba4 37. Na5 Bb5 38. Nb3 Bc6 39. Na5 Bb5 40. Nb3 f5
41. Na5 Bc6 42. exf5+ Kxf5 43. fxe5 Kxe5 44. Nc4+ Kd5 45. Nb6+ Ke5 46. Nc4+ Ke6
47. Kf4 Kf6 48. Na5 Bd5 49. Nb3 Bxb3 50. Rxb3 Rxc5 51. Rb6+ Kg7 52. Rxa6 Kh6
53. Ra3 Rf5+ 54. Ke4 Rf1 55. Rc3 Rf6 56. Rc5 Ra6 57. Kf4 Ra4+ 58. Kf3 Rg4 59.
Rc6 Kg7 60. Rc5 Kf6 1/2-1/2

[Event "Interclubs Adultes"]
[Site "?"]
[Date "2004.04.04"]
[Round "7.3"]
[White "Massard, Christian"]
[Black "Isoardo, Jean-Luc"]
[Result "1-0"]
[WhiteElo "1830"]
[BlackElo "1710"]
[PlyCount "91"]
[EventDate "2004.??.??"]

1. Nf3 Nf6 2. c4 g6 3. g3 Bg7 4. Bg2 O-O 5. O-O d5 6. cxd5 Nxd5 7. Nc3 Nxc3 8.
bxc3 e5 9. e4 Nc6 10. Qc2 Rb8 11. d3 b5 12. Rb1 h6 13. Be3 Be6 14. Rfd1 Qe7 15.
d4 exd4 16. Nxd4 Nxd4 17. cxd4 Bc4 18. Bf1 Bxf1 19. Kxf1 Rfe8 20. f3 a6 21.
Rbc1 Rec8 22. Rd3 b4 23. Bf4 g5 24. Bd2 Rb5 25. Qa4 Qd6 26. Ke2 Rd8 27. Rc4 c5
28. d5 Bd4 29. Bxb4 Rxb4 30. Rxb4 cxb4 31. Rxd4 Rb8 32. Qc6 Qe5 33. Rc4 b3 34.
axb3 Rxb3 35. Qc5 Rb2+ 36. Rc2 a5 37. Kd3 a4 38. Qc8+ Kg7 39. Rxb2 Qxb2 40.
Qc3+ Qxc3+ 41. Kxc3 Kf6 42. Kb4 Ke5 43. Kxa4 f5 44. Kb5 fxe4 45. fxe4 g4 46.
Kc6 1-0

[Event "Interclubs Adultes"]
[Site "?"]
[Date "2004.04.04"]
[Round "7.4"]
[White "Sassier, Bernard"]
[Black "Bednar, Emile"]
[Result "0-1"]
[WhiteElo "1580"]
[BlackElo "1840"]
[PlyCount "30"]
[EventDate "2004.??.??"]

1. e4 e5 2. Bc4 Bc5 3. d3 Nc6 4. Nf3 d6 5. Nc3 Bg4 6. Bxf7+ Kxf7 7. Ng5+ Qxg5
8. f3 Bxf3 9. Qxf3+ Qf6 10. Qh3 Qf2+ 11. Kd1 Nd4 12. Bd2 Nf6 13. g3 Qf3+ 14.
Kc1 Qxh1+ 15. Nd1 Ne2+ 0-1

[Event "Interclubs Adultes"]
[Site "?"]
[Date "2004.04.04"]
[Round "7.5"]
[White "Vier, Serge"]
[Black "Durbet, Philippe"]
[Result "1-0"]
[WhiteElo "1730"]
[BlackElo "1530"]
[PlyCount "121"]
[EventDate "2004.??.??"]

1. d4 Nf6 2. c4 e6 3. Nf3 d5 4. Nc3 Bb4 5. g3 Bxc3+ 6. bxc3 b6 7. cxd5 Nxd5 8.
Bb2 Nf6 9. e3 Bb7 10. Be2 Nbd7 11. O-O O-O 12. Qb3 Rc8 13. Rfd1 Re8 14. c4 c5
15. dxc5 Rxc5 16. Bxf6 gxf6 17. Rd4 Qe7 18. Rad1 Nf8 19. Rg4+ Ng6 20. Rgd4 Nf8
21. Qd3 Rc7 22. Rg4+ Ng6 23. h4 h5 24. Rd4 Bxf3 25. Bxf3 Ne5 26. Qe2 Nxf3+ 27.
Qxf3 f5 28. Qxh5 Kg7 29. Qg5+ Qxg5 30. hxg5 Kg6 31. f4 f6 32. gxf6 Kxf6 33. Kf2
Rec8 34. Rd7 a5 35. Rxc7 Rxc7 36. Rd4 a4 37. Kf3 Rc5 38. g4 fxg4+ 39. Kxg4 Ra5
40. Kf3 Rc5 41. e4 Ra5 42. e5+ Kf5 43. Ke3 Ra8 44. Rd6 Rb8 45. Kd4 b5 46. cxb5
Rxb5 47. Ra6 Rd5+ 48. Kc4 Ke4 49. Rxe6 Rd4+ 50. Kb5 Kxf4 51. Re8 Re4 52. e6 Ke5
53. Ra8 Kxe6 54. Re8+ Kd5 55. Rxe4 Kxe4 56. Kxa4 Kd5 57. Kb5 Kd6 58. Kb6 Kd7
59. Kb7 Kd6 60. a4 Kc5 61. a5 1-0

[Event "Interclubs Adultes"]
[Site "?"]
[Date "2004.04.04"]
[Round "7.6"]
[White "Chevalier, Yves"]
[Black "Vinot, Raoul"]
[Result "1-0"]
[WhiteElo "1510"]
[BlackElo "1580"]
[PlyCount "36"]
[EventDate "2004.??.??"]

1. d4 d5 2. Nf3 e6 3. e3 Nf6 4. Bd3 Nbd7 5. Nbd2 Bd6 6. c3 b6 7. O-O Bb7 8. Qe2
c5 9. e4 dxe4 10. Nxe4 Qc7 11. Bg5 Nxe4 12. Bxe4 f6 13. Bxb7 Qxb7 14. Qxe6+ Kd8
15. Qxd6 fxg5 16. Nxg5 Re8 17. Rae1 Rxe1 18. Rxe1 Qc7 1-0

[Event "Interclubs Adultes"]
[Site "?"]
[Date "2004.04.04"]
[Round "7.7"]
[White "Bruyas, Benjamin"]
[Black "Lenglet, Francis"]
[Result "0-1"]
[WhiteElo "1310"]
[BlackElo "1320"]
[PlyCount "62"]
[EventDate "2004.??.??"]

1. Nf3 g6 2. e4 Nf6 3. Nc3 d5 4. e5 Ne4 5. d4 Nxc3 6. bxc3 Bg7 7. c4 c6 8. cxd5
cxd5 9. c4 O-O 10. Qb3 dxc4 11. Bxc4 Nc6 12. Bb2 Na5 13. Qd3 Nxc4 14. Qxc4 Be6
15. Qd3 Qb6 16. O-O Qxb2 17. Rfb1 Bf5 18. Qxf5 Qxa1 19. Qc2 Rac8 20. Rxa1 Rxc2
21. g3 Rfc8 22. Kf1 Rc1+ 23. Rxc1 Rxc1+ 24. Ke2 Rc2+ 25. Kd3 Rxa2 26. d5 Kf8
27. Ke4 Rxf2 28. Nd4 f5+ 29. Ke3 Ra2 30. Ne6+ Kf7 31. Nd8+ Ke8 0-1

[Event "Interclubs Adultes"]
[Site "?"]
[Date "2004.04.04"]
[Round "7.8"]
[White "Didier, Eric"]
[Black "Vinot, Sebastien"]
[Result "1-0"]
[WhiteElo "1410"]
[BlackElo "1220"]
[PlyCount "69"]
[EventDate "2004.??.??"]

1. e4 e5 2. Nf3 Nc6 3. Bc4 Bc5 4. d3 Nf6 5. Ng5 d5 6. exd5 Nxd5 7. Nxf7 Qf6 8.
Qf3 Be6 9. Qxf6 gxf6 10. Nxh8 O-O-O 11. Nc3 Nce7 12. Ne4 Bb6 13. Nxf6 Rf8 14.
Ne4 Rxh8 15. Bg5 Re8 16. O-O-O Nf5 17. Bxd5 Bxd5 18. Nf6 Rd8 19. Nxh7 Rd6 20.
Nf6 Bxf2 21. Nxd5 Rxd5 22. Kb1 Bd4 23. Rhf1 Ne3 24. Bxe3 Bxe3 25. Rf8+ Kd7 26.
Rf5 a5 27. Re1 Bd4 28. h4 b5 29. h5 c5 30. h6 Ke6 31. Ref1 e4 32. dxe4 Rxf5 33.
Rxf5 Kd6 34. g4 c4 35. Rxb5 1-0

[Event "Interclubs Adultes"]
[Site "?"]
[Date "2004.04.04"]
[Round "7.1"]
[White "Vidalinc, Jean-Louis"]
[Black "Debray, Tristan"]
[Result "0-1"]
[WhiteElo "2040"]
[BlackElo "2062"]
[PlyCount "40"]
[EventDate "2004.??.??"]

1. e4 Nf6 2. e5 Nd5 3. Nc3 Nb6 4. d4 d6 5. exd6 cxd6 6. Nf3 g6 7. Be2 Bg7 8.
O-O O-O 9. Bg5 Nc6 10. h3 Bf5 11. a3 Rc8 12. Re1 h6 13. Bf4 e5 14. dxe5 dxe5
15. Be3 Qxd1 16. Rexd1 Bxc2 17. Rd2 Bb3 18. Bxb6 axb6 19. Nd5 e4 20. Ne1 Rcd8
0-1

[Event "Interclubs Adultes"]
[Site "?"]
[Date "2004.04.04"]
[Round "7.2"]
[White "Garnier, Gilles"]
[Black "Chamba, Antoine"]
[Result "0-1"]
[WhiteElo "2100"]
[BlackElo "1990"]
[PlyCount "78"]
[EventDate "2004.??.??"]

1. e4 e5 2. Nf3 Nc6 3. Bc4 Bc5 4. b4 Bxb4 5. c3 Bc5 6. O-O Nge7 7. d4 exd4 8.
cxd4 Bb6 9. Ng5 d5 10. exd5 Na5 11. d6 Nxc4 12. Qa4+ Nc6 13. Re1+ N4e5 14. dxe5
O-O 15. Qe4 g6 16. Qh4 h5 17. Qf4 Bd4 18. Nh7 f5 19. Qh6 Qe8 20. Bg5 Nxe5 21.
Nd2 Bxa1 22. Rxa1 Ng4 23. Qxf8+ Qxf8 24. Nxf8 Kxf8 25. dxc7 Ne5 26. Nf3 Nc6 27.
Rd1 b6 28. Rd6 Ne7 29. Nd4 Kf7 30. Bxe7 Kxe7 31. Rxg6 Bd7 32. Rg7+ Kd6 33. Rh7
Rc8 34. Rxh5 Rxc7 35. h4 Ke5 36. Nf3+ Kf6 37. Rh6+ Kg7 38. Rd6 Bc8 39. Nd4 Kf7
{Tombe} 0-1

[Event "Interclubs Adultes"]
[Site "?"]
[Date "2004.04.04"]
[Round "7.3"]
[White "Wagner, Bruno"]
[Black "Chevant, Louis"]
[Result "0-1"]
[WhiteElo "1928"]
[BlackElo "2148"]
[PlyCount "68"]
[EventDate "2004.??.??"]

1. d4 d5 2. Nc3 Nf6 3. e4 e6 4. e5 Nfd7 5. f4 c5 6. Nf3 Nc6 7. Be3 cxd4 8. Nxd4
Bc5 9. Nxc6 bxc6 10. Bxc5 Nxc5 11. b4 Nd7 12. Qd2 O-O 13. Bd3 c5 14. bxc5 Nxc5
15. O-O Qa5 16. Rf3 Nxd3 17. cxd3 Bd7 18. d4 Rac8 19. Qd3 Rc7 20. g4 Rfc8 21.
Rc1 Qa3 22. Qe3 Rc4 23. Rh3 Rxd4 24. Rf1 Qc5 25. Kh1 Rc4 26. Qd3 g6 27. Ne2 Rc2
28. f5 Qc4 29. fxg6 Qxd3 30. gxf7+ Kf8 31. Rxd3 Rxe2 32. Rh3 Kg7 33. Rhf3 Rf8
34. h4 d4 0-1

[Event "Interclubs Adultes"]
[Site "?"]
[Date "2004.04.04"]
[Round "7.4"]
[White "Sainseaux, Patrice"]
[Black "Colas, Yves"]
[Result "1-0"]
[WhiteElo "1910"]
[BlackElo "1975"]
[PlyCount "107"]
[EventDate "2004.??.??"]

1. e4 c5 2. Nc3 Nc6 3. Nf3 d6 4. Bb5 Bd7 5. Bxc6 Bxc6 6. O-O Nf6 7. Re1 e6 8.
d4 cxd4 9. Nxd4 Qc7 10. Bg5 Be7 11. Bxf6 Bxf6 12. Nd5 Qd7 13. Nxf6+ gxf6 14.
Qd2 h5 15. Qf4 Ke7 16. Re3 Rag8 17. Rae1 Rg4 18. Qf3 Rhg8 19. g3 R8g6 20. Qe2
R4g5 21. Rd1 Kf8 22. Rc3 d5 23. Nxc6 bxc6 24. Qa6 f5 25. Rxc6 fxe4 26. Qc8+
Qxc8 27. Rxc8+ Kg7 28. Ra8 h4 29. Rxa7 hxg3 30. hxg3 e3 31. Rd3 exf2+ 32. Kxf2
Rf6+ 33. Rf3 Rxf3+ 34. Kxf3 Rf5+ 35. Ke2 Re5+ 36. Kd2 Rg5 37. Ra3 d4 38. Rd3
Rd5 39. a4 e5 40. Ra3 Kf8 41. a5 Rd7 42. a6 Ra7 43. b4 Ke8 44. b5 Kd7 45. b6
Ra8 46. b7 Rb8 47. a7 Rxb7 48. a8=Q Rb1 49. Qd5+ Ke7 50. Qxe5+ Kd7 51. Ra7+ Kc6
52. Rc7+ Kb6 53. Qc5+ Ka6 54. Ra7# 1-0

[Event "Interclubs Adultes"]
[Site "?"]
[Date "2004.04.04"]
[Round "7.5"]
[White "Anthoine-Milhomme, Jean-Pierre"]
[Black "Laurain, Francis"]
[Result "0-1"]
[WhiteElo "1960"]
[BlackElo "1820"]
[PlyCount "96"]
[EventDate "2004.??.??"]

1. d4 d6 2. c4 Nf6 3. Nc3 g6 4. Nf3 Bg7 5. e4 c6 6. Be2 Nbd7 7. O-O O-O 8. Bf4
Re8 9. Qd2 Nf8 10. Rad1 Ne6 11. Bh6 Bd7 12. h3 Qa5 13. Bxg7 Kxg7 14. g4 Rad8
15. Qe3 h6 16. e5 Nh7 17. Nh4 Neg5 18. f4 Ne6 19. Bd3 Nef8 20. f5 dxe5 21. dxe5
g5 22. Nf3 Bc8 23. a3 Nd7 24. Qe4 f6 25. exf6+ Nhxf6 26. Qe3 Qc5 27. Nd4 Kh8
28. Ne4 Nxe4 29. Qxe4 Nf6 30. Qf3 Qxd4+ 31. Kg2 Qxb2+ 32. Rf2 Qxa3 33. h4 Rd4
34. hxg5 Rxg4+ 35. Kf1 Rxg5 36. Rh2 Kg7 37. Qf4 Qc5 38. Rf2 Rd8 39. Qc7 Qd6 40.
Qa5 Rd7 41. Qa4 Qg3 42. Qc2 c5 43. Re1 Qxd3+ 44. Qxd3 Rxd3 45. Rxe7+ Kf8 46.
Rc7 Bxf5 47. Rxb7 Re3 48. Rd2 Bd3+ 0-1

[Event "Interclubs Adultes"]
[Site "?"]
[Date "2004.04.04"]
[Round "7.6"]
[White "Ravot, Cyril"]
[Black "Audras, Jean-Baptiste"]
[Result "0-1"]
[WhiteElo "1790"]
[BlackElo "1810"]
[PlyCount "70"]
[EventDate "2004.??.??"]

1. e4 c5 2. f4 Nc6 3. Nc3 d6 4. Bc4 g6 5. d3 Bg7 6. Nf3 Nf6 7. Be3 O-O 8. h3 e6
9. Bb3 Na5 10. Qd2 Nxb3 11. axb3 b6 12. O-O-O Bb7 13. Ne2 d5 14. e5 d4 15. Bf2
Nd5 16. Ng5 a5 17. Rh2 a4 18. bxa4 Rxa4 19. Qe1 Qa8 20. c4 dxc3 21. Nxc3 Nxc3
22. Qxc3 Rxf4 23. Be3 Ra4 24. Qb3 Ra1+ 25. Kd2 Qa5+ 26. Ke2 Rxd1 27. Kxd1 Bxe5
28. Rh1 Qa1+ 29. Bc1 Bf4 30. Kc2 Bxg5 31. Bxg5 Qxh1 32. Bh6 Qxg2+ 33. Kb1 Qf1+
34. Kc2 Qe2+ 35. Kb1 Bd5 0-1

[Event "Interclubs Adultes"]
[Site "?"]
[Date "2004.04.04"]
[Round "7.7"]
[White "Siret, Bernard"]
[Black "Garnier, Jacques"]
[Result "1-0"]
[WhiteElo "1499"]
[BlackElo "1790"]
[PlyCount "103"]
[EventDate "2004.??.??"]

1. d4 Nf6 2. Nc3 d5 3. e4 dxe4 4. f3 exf3 5. Nxf3 g6 6. Bc4 Bg7 7. O-O O-O 8.
h3 c6 9. Qe1 Nbd7 10. Be3 Nb6 11. Bb3 Nbd5 12. Nxd5 cxd5 13. Qh4 Ne4 14. c3 e6
15. Bg5 f6 16. Be3 g5 17. Qe1 b6 18. Rd1 Ba6 19. Rf2 Nxf2 20. Bxf2 Re8 21. Bg3
Rc8 22. Qe3 h6 23. Bc2 f5 24. Be5 Qd7 25. Bxg7 Qxg7 26. Ne5 Bc4 27. a3 a5 28.
Re1 Ba6 29. Qf3 b5 30. Bd3 Ra8 31. Qh5 Rac8 32. a4 Re7 33. axb5 Bb7 34. Ng6
Ree8 35. Ne5 Ra8 36. Ra1 Re7 37. Re1 a4 38. Ng6 Ree8 39. Ne5 Rf8 40. Ng6 Rf6
41. Ne5 a3 42. bxa3 Rxa3 43. Qe8+ Kh7 44. Nd7 Rxc3 45. Rxe6 Rf7 46. Bxf5+ Rxf5
47. Re7 Rc8 48. Rxg7+ Kxg7 49. Qe7+ Rf7 50. Qe5+ Kg6 51. Nc5 Ba8 52. Qe6+ 1-0

[Event "Interclubs Adultes"]
[Site "?"]
[Date "2004.04.04"]
[Round "7.8"]
[White "Richard, Sylvain"]
[Black "Rasamoely, Timothy-Frederic"]
[Result "0-1"]
[WhiteElo "1499"]
[BlackElo "1430"]
[PlyCount "70"]
[EventDate "2004.??.??"]

1. d4 Nf6 2. e3 e6 3. Nf3 d6 4. Nbd2 Nbd7 5. c4 c5 6. b3 Be7 7. Bd3 b6 8. Qc2
Bb7 9. Bb2 cxd4 10. exd4 Rc8 11. Rc1 a6 12. Qb1 d5 13. O-O g6 14. a3 Rg8 15. b4
dxc4 16. Rxc4 Rxc4 17. Bxc4 h5 18. Qa2 Nd5 19. Re1 h4 20. Bc1 Qa8 21. Qc2 N7f6
22. Bd3 Nf4 23. Ne4 N6h5 24. Bxf4 Nxf4 25. Ned2 g5 26. Be4 f5 27. Bxb7 Qxb7 28.
Rc1 Ne2+ 29. Kh1 Nxc1 30. Qxc1 g4 31. Ne5 h3 32. Qc6+ Qxc6 33. Nxc6 Kd7 34.
Nxe7 Kxe7 35. Nc4 Rc8 0-1

[Event "Interclubs Adultes"]
[Site "?"]
[Date "2004.04.04"]
[Round "7.1"]
[White "Alessandri, Pascal"]
[Black "Martin, Bruno"]
[Result "0-1"]
[WhiteElo "2044"]
[BlackElo "2030"]
[PlyCount "68"]
[EventDate "2004.??.??"]

1. e4 d6 2. d4 Nf6 3. Nc3 c6 4. Nf3 Bg4 5. Be3 e6 6. Be2 Be7 7. O-O O-O 8. Nd2
Bxe2 9. Nxe2 Nbd7 10. Ng3 c5 11. c3 b5 12. f4 Rc8 13. e5 Nd5 14. Qe2 Nxe3 15.
Qxe3 Qb6 16. Kh1 g6 17. f5 dxe5 18. dxe5 exf5 19. Rae1 Rc6 20. Rxf5 gxf5 21.
Nxf5 Bd8 22. Ne4 Rg6 23. Ned6 Bg5 24. Qf3 Kh8 25. h4 Bd2 26. Re2 Nxe5 27. Rxe5
Rxd6 28. h5 Re6 29. Rd5 Qc7 30. g4 Qf4 31. Qxf4 Bxf4 32. Rxc5 a6 33. Rd5 Re2
34. Nd4 Rxb2 0-1

[Event "Interclubs Adultes"]
[Site "?"]
[Date "2004.04.04"]
[Round "7.2"]
[White "Rasle, Jean-Michel"]
[Black "Dubois, Herve"]
[Result "1/2-1/2"]
[WhiteElo "1720"]
[BlackElo "1975"]
[PlyCount "60"]
[EventDate "2004.??.??"]

1. d4 Nf6 2. c4 e6 3. Nc3 Bb4 4. a3 Bxc3+ 5. bxc3 O-O 6. f3 d5 7. e3 b6 8. Be2
Ba6 9. cxd5 Bxe2 10. Nxe2 exd5 11. O-O Nc6 12. Ng3 Re8 13. Qc2 Na5 14. Re1 Nc4
15. e4 h6 16. e5 Nh7 17. f4 Rc8 18. Qe2 c5 19. Qg4 Nf6 20. exf6 Rxe1+ 21. Kf2
Qxf6 22. Kxe1 Re8+ 23. Kf2 Qe7 24. Qe2 Qd7 25. Qf3 Qe6 26. Ne2 Qf5 27. g4 Qc2
28. f5 Nd6 29. Bf4 Ne4+ 30. Kf1 c4 1/2-1/2

[Event "Interclubs Adultes"]
[Site "?"]
[Date "2004.04.04"]
[Round "7.3"]
[White "Alvarez, Stephane"]
[Black "Pomat, Jerome"]
[Result "1-0"]
[WhiteElo "2007"]
[BlackElo "1720"]
[PlyCount "41"]
[EventDate "2004.??.??"]

1. e4 d6 2. d4 Nf6 3. Nc3 c6 4. f4 d5 5. e5 Ng8 6. Be3 Bf5 7. g4 Bd7 8. Qf3 Qb6
9. O-O-O e6 10. f5 Ne7 11. Bd3 Na6 12. Nh3 O-O-O 13. Ng5 exf5 14. Nxf7 fxg4 15.
Qf2 Nb4 16. Nxh8 Nxd3+ 17. Rxd3 Nf5 18. Nf7 Nxe3 19. Qxe3 Re8 20. Rf1 Be7 21.
e6 1-0

[Event "Interclubs Adultes"]
[Site "?"]
[Date "2004.04.04"]
[Round "7.4"]
[White "Berge, Pierre"]
[Black "Darcet, Bruno"]
[Result "0-1"]
[WhiteElo "1540"]
[BlackElo "1830"]
[PlyCount "58"]
[EventDate "2004.??.??"]

1. c4 c6 2. Nc3 d5 3. cxd5 cxd5 4. g3 Nf6 5. Bg2 Nc6 6. a3 e5 7. d3 Be6 8. e3
Rc8 9. b4 a6 10. Bb2 Bd6 11. Nf3 O-O 12. O-O Ne7 13. Rc1 Ng6 14. Qd2 h6 15. Ne2
Qd7 16. Rfe1 Bb8 17. h4 Ng4 18. Nh2 Nxh2 19. Kxh2 e4 20. Nf4 Qe7 21. dxe4 dxe4
22. Nxg6 fxg6 23. Bxe4 Qxh4+ 24. Kg1 Qxe4 25. f4 Bd5 26. Qh2 Rxc1 27. Rxc1
Qxe3+ 28. Qf2 Ba7 29. Rf1 Qxg3# 0-1

[Event "Interclubs Adultes"]
[Site "?"]
[Date "2004.04.04"]
[Round "7.5"]
[White "Trouillet, Francois"]
[Black "Mech, Emmanuel"]
[Result "1-0"]
[WhiteElo "1830"]
[BlackElo "1530"]
[PlyCount "52"]
[EventDate "2004.??.??"]

1. e4 e6 2. d4 c5 3. Nf3 cxd4 4. Nxd4 Nc6 5. Nc3 Bc5 6. Be3 Nxd4 7. Bxd4 Bxd4
8. Qxd4 Qg5 9. Nb5 Kd8 10. Nd6 Nh6 11. Bb5 a6 12. Nxc8 Qxb5 13. Nd6 e5 14. Qc3
Qc6 15. Qxe5 f6 16. Qg3 g5 17. O-O-O Rf8 18. h4 Nf7 19. hxg5 Nxg5 20. e5 h6 21.
Rxh6 Ne6 22. Rxf6 Rxf6 23. exf6 Kc7 24. Nc4+ d6 25. Rxd6 Qa4 26. Rxe6+ Kd7 1-0

[Event "Interclubs Adultes"]
[Site "?"]
[Date "2004.04.04"]
[Round "7.6"]
[White "Degaches, Yves"]
[Black "Charbonnier, Christophe"]
[Result "0-1"]
[WhiteElo "1530"]
[BlackElo "1730"]
[PlyCount "72"]
[EventDate "2004.??.??"]

1. d4 d5 2. e3 Nf6 3. Bd3 e6 4. Nd2 c5 5. c3 cxd4 6. cxd4 Nc6 7. f4 g6 8. a3
Bg7 9. Ngf3 O-O 10. Ne5 Ne7 11. g4 Nd7 12. h4 f6 13. Nef3 e5 14. e4 exf4 15. g5
Nb6 16. Qe2 dxe4 17. Bxe4 Nf5 18. Qf2 Ng3 19. Rh2 Re8 20. gxf6 Nxe4 21. f7+
Kxf7 22. Ne5+ Bxe5 23. Nxe4 Qxd4 24. Qxd4 Bxd4 25. Re2 Be5 26. Ng5+ Kf6 27.
Bxf4 Bg4 28. Bxe5+ Rxe5 29. Rxe5 Kxe5 30. Nxh7 Rh8 31. Ng5 Rxh4 32. Kf2 Kf5 33.
Nf3 Bxf3 34. Kxf3 Rh3+ 35. Kg2 Rb3 36. Rf1+ Ke6 0-1

[Event "Interclubs Adultes"]
[Site "?"]
[Date "2004.04.04"]
[Round "7.7"]
[White "Barsanian, Karine"]
[Black "Lefevre, Margaux"]
[Result "0-1"]
[WhiteElo "1570"]
[BlackElo "1520"]
[PlyCount "114"]
[EventDate "2004.??.??"]

1. e4 e6 2. d3 d5 3. Nf3 dxe4 4. dxe4 Qxd1+ 5. Kxd1 Bc5 6. Ke2 Nc6 7. Nc3 e5 8.
Bg5 Be6 9. Rd1 f6 10. Bc1 Nge7 11. Na4 Bd6 12. Be3 Bxa2 13. b3 Na5 14. Nc5 Bxc5
15. Bxc5 Nec6 16. g3 Bxb3 17. cxb3 Nxb3 18. Be3 Nba5 19. Bh3 O-O 20. Be6+ Kh8
21. Rd7 Rfe8 22. Ba2 Rac8 23. Rhd1 b6 24. Rf7 Nd8 25. Rfd7 Nac6 26. Bf7 Re7 27.
Rxe7 Nxe7 28. Ba2 c5 29. Rd7 Ndc6 30. Be6 Re8 31. Nh4 g6 32. Bh6 Nd4+ 33. Ke3
Nxe6 34. Rxa7 g5 35. Nf5 Nxf5+ 36. exf5 Nd4 37. g4 b5 38. Bg7+ Kg8 39. Bxf6 h6
40. Rg7+ Kf8 41. Rh7 c4 42. h4 c3 43. hxg5 c2 44. Rh8+ Kf7 45. Rxe8 Kxe8 46.
Kd2 hxg5 47. Bxe5 Nf3+ 48. Kxc2 Nxe5 49. Kb3 Nxg4 50. f3 Ne5 51. Kb4 Nxf3 52.
Kxb5 g4 53. Kc5 g3 54. Kd6 g2 55. Ke6 g1=Q 56. f6 Qb6+ 57. Kf5 Kf7 0-1

[Event "Interclubs Adultes"]
[Site "?"]
[Date "2004.04.04"]
[Round "7.8"]
[White "Ancian, Michel"]
[Black "Galvan, Anthony"]
[Result "1-0"]
[WhiteElo "1470"]
[BlackElo "1199"]
[PlyCount "45"]
[EventDate "2004.??.??"]

1. d4 Nc6 2. e4 Nf6 3. Nc3 e5 4. d5 Nd4 5. Nf3 d6 6. Nxd4 exd4 7. Qxd4 g6 8.
Bb5+ Bd7 9. Bxd7+ Nxd7 10. O-O Ne5 11. f4 Ng4 12. h3 h5 13. hxg4 Rh6 14. g5 Rh7
15. f5 h4 16. fxg6 Qxg5 17. Bxg5 Bg7 18. Qa4+ Kf8 19. Rxf7+ Kg8 20. gxh7+ Kxf7
21. Qd7+ Kg6 22. Qf5+ Kh5 23. Bf4# 1-0

[Event "Interclubs Adultes"]
[Site "?"]
[Date "2004.04.04"]
[Round "7.2"]
[White "Gouy, Frederic"]
[Black "Rossi, Giovanni"]
[Result "1/2-1/2"]
[WhiteElo "2162"]
[BlackElo "1959"]
[PlyCount "62"]
[EventDate "2004.??.??"]

1. e4 e5 2. Nf3 Nc6 3. Bc4 Nf6 4. Nc3 Bc5 5. O-O O-O 6. d3 d6 7. Bg5 h6 8. Bh4
Bg4 9. h3 Bxf3 10. Qxf3 Nd4 11. Qd1 c6 12. Na4 b5 13. Nxc5 dxc5 14. c3 bxc4 15.
cxd4 cxd4 16. f4 exf4 17. e5 g5 18. exf6 Qxf6 19. Bf2 cxd3 20. Qxd3 c5 21. b4
cxb4 22. Bxd4 Qd6 23. Rad1 Rfd8 24. Qb3 a5 25. Ba1 Qb6+ 26. Kh1 Rxd1 27. Rxd1
Qf2 28. Qd5 Re8 29. Rg1 Re1 30. Qd8+ Kh7 31. Qd3+ Kg8 1/2-1/2